Onzième chant de l'Iliade / (Record no. 155574)

MARC details
000 -LEADER
campo de control de longitud fija 00835nam a22001935i 4500
001 - NÚMERO DE CONTROL
campo de control 155574
003 - IDENTIFICADOR DE NÚMERO DE CONTROL
campo de control ES-MaACL
005 - FECHA Y HORA DE LA ÚLTIMA TRANSACCIÓN
campo de control 20260616130213.0
008 - DATOS DE LONGITUD FIJA--INFORMACIÓN GENERAL
campo de control de longitud fija 040726s1900 fr |||| | fre d
040 ## - FUENTE DE CATALOGACIÓN
Centro catalogador/agencia de origen CAM
Lengua de catalogación spa
Centro/agencia transcriptor CAM
100 0# - ENTRADA PRINCIPAL--NOMBRE DE PERSONA
Nombre de persona Homero
9 (RLIN) 64112
245 10 - MENCIÓN DEL TÍTULO
Título Onzième chant de l'Iliade /
Mención de responsabilidad, etc. Homère.
260 ## - PUBLICACIÓN, DISTRIBUCIÓN, ETC.
Lugar de publicación, distribución, etc. Paris :
Nombre del editor, distribuidor, etc. Librairie Hachette,
Fecha de publicación, distribución, etc. 1900 (
Fabricante Imprimerie Lahure)
300 ## - DESCRIPCIÓN FÍSICA
Extensión 120 p. ;
Dimensiones 19 cm.
490 1# - MENCIÓN DE SERIE
Mención de serie Les auteurs grecs expliqués d'après une méthode nouvelle par deux traductions françaises ... / par une société de professeurs et d'hellénistes
830 0# - PUNTO DE ACCESO ADICIONAL DE SERIE-TÍTULO UNIFORME
Título uniforme Les auteurs grecs expliqués d'après une méthode nouvelle par deux traductions françaises ... / par une société de professeurs et d'hellénistes
9 (RLIN) 221574
852 ## - LOCALIZACIÓN
Ubicación ES-MaACL
Número de control de estantería 1827-F-6
Nota libre -- Rust. muy deteriorada
Holdings
Estatus retirado Estado de pérdida Estado de daño No para préstamo Colección Biblioteca de origen Biblioteca actual Ubicación en estantería Fecha de adquisición Fuente de adquisición Total de préstamos Signatura topográfica completa Código de barras Visto por última vez Precio de reemplazo Tipo de ítem Koha
        Colección de folletos Biblioteca del Ateneo de Madrid Biblioteca del Ateneo de Madrid Depósito folletos 17/01/2008     1827-F-6 1162733 23/02/2023 23/02/2023 Folleto